| 000 | 00593nam a22001937a 4500 | ||
|---|---|---|---|
| 003 | OSt | ||
| 005 | 20160712135728.0 | ||
| 008 | 160612s2016 spc|||| |||||0|| 0 spa|d | ||
| 020 | _a9788416541423 | ||
| 040 |
_bcat _cCDMR |
||
| 100 | 1 | _aArasa, Daniel | |
| 245 | 1 | 3 |
_aDe Hemingway a Barzini _b: corresponsales extranjeros en la Guerra Civil _cDaniel Arasa |
| 260 |
_aBarcelona : _bStella Maris, _c2016 |
||
| 300 |
_a413 p. ; _c22 cm. |
||
| 504 | _aBibliografía i índex | ||
| 650 | 0 | 4 |
_aCorresponsals de guerra _92560 |
| 650 | 0 | 4 |
_aEspanya _93196 _xHistòria _y1936-1939, Guerra Civil |
| 942 | _cMON | ||
| 999 |
_c6952 _d6952 |
||